| 000 | 01100nam a2200265Ia 4500 | ||
|---|---|---|---|
| 003 | OSt | ||
| 005 | 20220930094748.0 | ||
| 006 | a|||||r|||| 00| 0 | ||
| 007 | ta | ||
| 008 | 220926b |||||||| |||| 00| 0 hin d | ||
| 024 | _a10771 | ||
| 037 | _cTheses | ||
| 040 |
_aCRL _cCRL _bhin |
||
| 041 |
_2hin _ahin |
||
| 100 | _aसुधंाशु कुमार, ले. | ||
| 110 | _aदिल्ली विश्वविद्यालय. कला संकाय. हिन्दी विभाग | ||
| 245 | 0 | _aदिल्ली केन्द्रित हिन्दी उपन्यास और महानगरीय परिदृश्य | |
| 246 | _aDillī kendrit hindī upanyās aur mahānagarīya paridṛushya | ||
| 260 | _c2013 | ||
| 300 |
_a310पृ0 _ap. _ccm. |
||
| 650 | _aहिन्दी साहित्य | ||
| 700 | _aदिल्ली विश्वविद्यालय. कला संकाय. हिन्दी विभाग | ||
| 942 |
_cDIS _2CC |
||
| 999 |
_c887636 _d887636 |
||